Vornamen, die mit J beginnen - Statistiken

Allgemein
  • Dieses Quiz wurde 184 mal gespielt
    40 seit der letzten Aktualisierung
  • Das Durchschnittsergebnis liegt bei 14 aus 22
Antwortstatistiken
Nachname Vorname % Korrekt
Stalin, Haydn, Ratzinger Josef
97%
Frodeno, Vermeer, Ullrich Jan
94%
Gutenberg, Kepler, Oerding Johannes
88%
Löw, Gauck, Witt Joachim
85%
Klopp, von der Lippe, Drews Jürgen
85%
Bieber, Timberlake, Hartley Justin
85%
Lafer, [...] von Goethe, [...] Bach Johann
82%
F. Kennedy, Lennon, Wayne John
82%
Lehmann, Spahn, Voigt Jens
79%
Dahlmann, Pilawa, Müller Jörg
79%
Nicholson, Black, Daniels Jack
76%
Caesar, Maximus, Röntgen Julius
76%
Carter, Hendrix, Kimmel Jimmy
73%
Kimmich, Tree, Jackson Joshua
70%
Assange, Weigl, Lennon Julian
70%
Schweizer, Bendel, Schropp Jochen
52%
Hofmann, Hector, Bering Jonas
42%
Swift, Burkardt, Edwards Jonathan
33%
Sinner, Schneider, Vestergaard Jannik
27%
Fugger, Bernoulli, Köllhofer Jakob
24%
von Liebig, Kohncke, Doolittle Justus
24%
Kounellis, Stüwe, Michel Jannis
6%
Keine übereinstimmenden Quizze gefunden
Verteilung der Resultate
Anzahl Personen mit jedem Resultat
Perzentil nach korrekt beantworteten Fragen
Ihre Resultats-Entwicklung
Sie haben dieses Quiz seit der letzten Aktualisierung nicht gespielt